Statistics for Top 10 Most Powerful Countries

Click here to take the quiz!

General Stats

  • This quiz has been taken 56 times
  • The average score is 9 of 10

Answer Stats

HintAnswer% Correct
UUnited States
100%
FFrance
98%
RRussia
98%
UUnited Kingdom
98%
CChina
96%
GGermany
94%
JJapan
92%
SSaudi Arabia
70%
UUnited Arab Emirates
66%
IIsrael
64%

Score Distribution

Percentile by Number Answered

Percent of People with Each Score

Your Score History

You have not taken this quiz